000 01631nam a22003737a 4500
001 0008619
003 KOHA_MİRAKIL
005 20260207001642.0
007 ta
008 091009b2007 tu |||gr||||#0|||0|tur |
020 _a9789751619624
_cTL5
040 _aTR-BiSEU
_btur
_cTR-BiSEU
_erda
041 0 _atur
044 _ctu
050 _aDR502
_b.A15 2007
111 2 _a550. Yılında fetih ve İstanbul ( İstanbul : 2003)
_921600
240 1 0 _aThe Conquest and Istanbul in 550th anniversary İstanbul, 14-15 Haziran 2003
_lTürkçe
245 1 _a550. Yılında fetih ve İstanbul :
_bBildiriler =
_bThe Conquest and Istanbul in 550th anniversary İstanbul, 14-15 Haziran 2003.
264 1 _aAnkara :
_bAtatürk Kültür Dil ve Tarih Yüksek Kurumu Türk Tarih Kurumu
_c2007
300 _a188 sayfa
336 _ametin
_btxt
_2rdacontent
337 _aaracısız
_bn
_2rdamedia
338 _acilt
_bnc
_2rdacarrier
490 1 _aAtatürk Kültür Dil ve Tarih Yüksek Kurumu Türk Tarih Kurumu yayınları ;
_vXI.
490 1 _adizi-sayı 12.
500 _aMetin Türkçe ve İngilizce.
500 _aKaynakça var.
505 _alında fetih ve İstanbul : The Conquest and Istanbul in 550th anniversary : İstanbul, 14-15 Haziran 2003 (1 adet)
_xlında fetih ve İstanbul : The conbquest and İstanbul in 550th anniversary İstanbul,14-15 Haziran 2003 (1 adet)
650 0 _aİstanbul (Türkiye)--Fetih, 1453--Kongreler.
_921601
830 1 _aAtatürk Kültür Dil ve Tarih Yüksek Kurumu Türk Tarih Kurumu yayınları ;
_vXI.
_917018
830 1 _adizi-sayı 12.
_921602
907 _aTarih
942 _2lcc
_cBK
999 _c8591
_d8591